000 01040nam a2200313 i 4500
001 18068
003 ES-MaACL
005 20251009172044.0
007 t|
008 010917s1974 sp ||||1| spa d
020 _a84-7273-056-3
080 _a331.105.44(460)"19"
080 _a329(460) Partido Sindicalista de España
080 _a929 Pestaña, Angel
100 1 _aPestaña, Angel,
_d1886-1937
_991455
245 1 0 _aTrayectoria sindicalista /
_cAngel Pestaña ; prólogo de Antonio Elorza.
260 _aMadrid :
_bEdiciones Tebas,
_c[1974]
300 _a880 p. ;
_c22 cm.
490 1 _aHistoria política
500 _aBiblioteca Juan Andrade.
600 1 4 _aPestaña, Angel,
_d1886-1937
_991455
610 2 7 _aPartido Sindicalista de España.
_96153
650 1 4 _aSindicalismo-
_zEspaña-
_vHistoria.
_917112
700 1 _aElorza, Antonio,
_d1943-
_947089
830 0 _aHistoria política
_9183303
852 _aES-MaACL
_jAND-79
_bR.109405
852 _aES-MaACL
_jE-6287
_bR.90849
999 _c18068
_d18068